Understanding cooperative behavior in labor management cooperation: a theory-building exercise (Record no. 57458)

000 -LEADER
fixed length control field 01568pab a2200169 454500
008 - FIXED-LENGTH DATA ELEMENTS--GENERAL INFORMATION
fixed length control field 180718b2003 xxu||||| |||| 00| 0 eng d
100 ## - MAIN ENTRY--PERSONAL NAME
Personal name Ospina, Sonia
245 ## - TITLE STATEMENT
Title Understanding cooperative behavior in labor management cooperation: a theory-building exercise
260 ## - PUBLICATION, DISTRIBUTION, ETC.
Date of publication, distribution, etc. 2003
300 ## - PHYSICAL DESCRIPTION
Extent p.455-71.
362 ## - DATES OF PUBLICATION AND/OR SEQUENTIAL DESIGNATION
Dates of publication and/or sequential designation Jul-Aug
520 ## - SUMMARY, ETC.
Summary, etc. This article proposes a theory of how mandated institutional cooperation transforms into individual cooperative behavior. Using qualitative strategies, we draw insights about cooperation in three public-sector efforts of labor-management cooperation (LMC). We report an association between critical shifts in the roles of stakeholders and the change from adversarial to cooperative labor relations. While managers became team players along with their employees, labor representatives assumed managerial responsibilities. These changes were also associated with a service-oriented perspective, better understanding of the other's experiences, and a view of cooperation as partnership. At the heart of these transformations, we found critical changes in communication pattern associated with incrementally growing levels of trust. We propose a model that depicts the links between collective and individual levels of organizational action related to LMC. We conclude that the positive shifts in mental models regarding work and the value of cooperation justify the promotion of LMC efforts. - Reproduced.
650 ## - SUBJECT ADDED ENTRY--TOPICAL TERM
Topical term or geographic name entry element Labour relations
700 ## - ADDED ENTRY--PERSONAL NAME
Personal name Yaroni, Allon
773 ## - HOST ITEM ENTRY
Main entry heading Public Administration Review
909 ## -
-- 57458
Holdings
Withdrawn status Lost status Damaged status Not for loan Permanent Location Current Location Date acquired Serial Enumeration / chronology Barcode Date last seen Price effective from Koha item type
        Indian Institute of Public Administration Indian Institute of Public Administration 2018-07-19 Volume no: 63, Issue no: 4 AR57903 2018-07-19 2018-07-19 Articles

Powered by Koha